MARC

LEADER 00000nam0a2200000 4500
001 156716
005 20231031153350.0
035 |a (RuTPU)RU\TPU\book\169963 
035 |a RU\TPU\book\82787 
090 |a 156716 
100 |a 20090330d1973 km y0rusy50 ca 
101 0 |a rus 
102 |a RU 
105 |a a z 001zy 
200 1 |a Рудничная геология  |f М. Н. Альбов, А. М. Быбочкин  |g под ред. А. М. Быбочкина 
205 |a 2-е изд., перераб. и доп. 
210 |a Москва  |c Недра  |d 1973 
215 |a 432 с.  |c ил.  |e черт. 
300 |a Авт. 1-го изд.: М. Н. Альбов, А. М. Быбочкин, В. М. Логиновский 
305 |a 1-е изд.вышло в 1956г. 
320 |a Библиогр.: с. 418-425. 
610 1 |a геология 
610 1 |a рудные месторождения 
610 1 |a геологоразведочные службы 
610 1 |a горнодобывающая промышленность 
610 1 |a поисково-разведочные работы 
610 1 |a горное дело 
610 1 |a геологоразведочное дело 
610 1 |a рудники 
610 1 |a горные отводы 
610 1 |a рудные поля 
610 1 |a структура 
610 1 |a тектоника 
610 1 |a горные выработки 
675 |a 622.142  |v 3 
700 1 |a Альбов  |b М. Н.  |g Михаил Николаевич 
701 1 |a Быбочкин  |b А. М.  |g Алексей Миронович 
702 1 |a Быбочкин  |b А. М.  |g Алексей Миронович  |4 340 
801 1 |a RU  |b 63413507  |c 20050516  |g PSBO 
801 2 |a RU  |b 63413507  |c 20151223  |g PSBO 
900 |a Горно-промышленная геология 
900 |a Основы горно-промышленной геологии и маркшейдерии 
942 |c BK